000 00675 a2200229 4500
005 20260402165211.0
008 260402b |||||||| |||| 00| 0 eng d
020 _a978-93-5516-548-2
037 _cTB
040 _aCRL
_cCRL
041 _2eng
_aeng
084 _aV2.P3 R5
_qCRL
100 _aSingh, Kartikeya
_91115205
245 _aIndia's imperatives as an architect of 'vishwaguru'
260 _aNew Delhi, India:
_bSumit Enterprises,
_c2025.
300 _a240p.
365 _b1495
_cINR
650 _aIndia-History
650 _aHistory
942 _cTB
_2CC
_hV2.P3 R5
999 _c1679306
_d1679306